1588 1134 1370 1011 1617 1453 1494 1047 1057 1343 1099 1833 1951 1162 1050 1038 1866 1790 1327 1457 1816 1879 1347 1811 1456 1815 1786 1866 1389 1214 1082 1077 1426 1184 1668 1696 1553 1793 1500 1304 1757 1511 1767 1279 1406 1595 1747 1437 1540 1925 1263 1691 1195 1715 1086 1652 1138 1386 1540 1060 1159 1434 1328 1078 1492 1075 1623 1571 1250 1513 1306 1180 1327 1349 1231 1813 1065 1296 1118 1261 1377 1366 1103 1819 1224 1691 1497 1975 1436 1692 1734 1058 1751 1192 1729 1480 1791 1106 1784 BCNSPRNW ULIB Ver.6.0+V

เปลี่ยนเป็นภาษาไทย

Change to English
 แสดงรายละเอียดบรรณานุกรม
  กลับหน้าหลัก

Brief Record : Get Marc (ISO 2709) : E-mail record : QR code < ปิดหน้าต่าง
LEADER : 00000nam 2200000uu 4500
001    13399112322
003     ULIB
008    110627s2554||||th 000 0 tha d
020    9786165220224
090    นว.^bก316ว 2554
100 0  กลีบลำดวน
245 00 วาระรัก/^cกลีบลำดวน
250    พิมพ์ครั้งที่ 1
260    กรุงเทพฯ :^bอินเลิฟ,^c2554
300    278 หน้า
710 1  อินเลิฟ
945    ^p179^l0^i030393
995    ทศพร
999 ^a ใช้งานได้ทุกระบบ
รายการนี้ยังไม่มีแท็ก
คุณยังไม่ได้ล็อกอิน คุณสามารถมีกิจกรรมร่วมกับเว็บไซต์ได้ แต่ต้องล็อกอินก่อน ::
  ล็อกอิน

รายการสื่อสารสนเทศ

ลำดับที่ ประเภท เลขเรียก/บาร์โค้ด สถานที่ สถานะ
- ไม่พบข้อมูล -

รายการใกล้เคียง
    ผู้แต่ง [กลีบลำดวน]

BibComment


ยังไม่เคยถูกคอมเมนท์

คอมเมนท์ทรัพยากรรายการนี้
  คอมเมนท์: วาระรัก กลีบลำดวน


 Copyright 2026. Bcnsprnw @Library